000 00634pam a2200217 a 4500
001 1963435
005 20180201070118.0
008 880115s1988 enk b 101 0 eng
010 _a 88001519
020 _a0521355761
040 _aDLC
_cDLC
_dDLC
041 _aeng
080 _a330.1 MAR
082 0 0 _a330.1 MAR
_219
100 _a52
101 _aEKO
245 0 4 _aThe Popperian legacy in economics :
_cedited by Neil de Marchi.
504 _aIncludes bibliographies and index.
906 _a7
_bcbc
_corignew
_d1
_eocip
_f19
_gy-gencatlg
942 _2ddc
_cBK
999 _c41521
_d41521